Statystyki dla Alianci - Flagi

Kliknij tutaj aby rozwiązać quiz!

Ogólne statystyki

  • Ten quiz został rozwiązany 1 110 razy
    (1 037 od ostatniego zresetowania)
  • Średni wynik to 40 z 58

Statystyki odpowiedzi

Odpowiedź% Poprawnych
Francja
99%
Polska
99%
Wielka Brytania
99%
Australia
97%
Belgia
94%
Norwegia
94%
Nowa Zelandia
94%
Holandia
92%
Luksemburg
88%
Nepal
87%
Brazylia
86%
Stany Zjednoczone
86%
Meksyk
84%
Argentyna
83%
Finlandia
83%
Turcja
82%
Związek Socjalistycznych Republik Radzieckich
82%
Albania
81%
Chile
81%
Panama
81%
Rumunia
81%
Arabia Saudyjska
80%
Kolumbia
79%
Peru
79%
Bułgaria
78%
Kuba
78%
Urugwaj
78%
Węgry
78%
Włochy
78%
Wenezuela
77%
San Marino
76%
Filipiny
74%
Mongolia
72%
Jugosławia
71%
Socjalistyczna Federacyjna Republika Jugosławii
71%
Ekwador
69%
Honduras
69%
Dominikana
68%
Kostaryka
68%
Paragwaj
68%
Chiny
64%
Liban
62%
Haiti
59%
Boliwia
57%
Liberia
57%
Iran
55%
Grecja
54%
Salwador
53%
Nikaragua
51%
Gwatemala
50%
Kanada
49%
Irak
46%
Etiopia
44%
Holenderskie Indie Wschodnie
17%
Tuwińska Republika Ludowa
14%
Związek Południowej Afryki
13%
Kongo Belgijskie
9%
Bahawalpur
1%

Rozkład punktacji

Percentyl według liczby udzielonych odpowiedzi

Procent ludzi z każdym wynikiem

Twoja historia wyników

Nie rozwiązałeś tego quizu od ostatniego zresetowania